| 000 | 00000nam 2200000za 4500 |
| 001 | 9.847013 |
| 003 | CaOODSP |
| 005 | 20221107153337 |
| 007 | cr ||||||||||| |
| 008 | 171109q1989 onc os f000 0 eng d |
| 040 | |aCaOODSP|beng |
| 043 | |an-cn--- |
| 086 | 1 |aCS11-0020/1989E-PDF |
| 245 | 00|aGeneral Social Survey - preliminary data |h[electronic resource] : |bcycle 3 : personal risk. |
| 260 | |a[Ottawa] : |bStatistics Canada, |c[1989?] |
| 300 | |a11 p. + |e12 tables on 12 sheets |
| 500 | |aCover title. |
| 500 | |aChiefly tables. |
| 500 | |aDigitized edition from print [produced by Statistics Canada]. |
| 530 | |aIssued also in print format. |
| 610 | 20|aGeneral Social Survey (Canada) |
| 692 | 07|2gccst|aInjuries |
| 692 | 07|2gccst|aCrime |
| 692 | 07|2gccst|aVictims |
| 692 | 07|2gccst|aStatistics |
| 692 | 07|2gccst|aSocial surveys |
| 710 | 2 |aStatistics Canada. |
| 856 | 40|qPDF|s4.38 MB|uhttps://publications.gc.ca/collections/collection_2017/statcan/CS11-0020-1989-eng.pdf |
| 986 | |a11F0020 |